00433nam a2200181Ia 4500003003400000008004100034040001300075040001200088041000800100100002200108245002400130250001200154260002600166260001000192300001200202490000700214600003000221165 p. 3° vol. The great prayers120407s9999 xx 000 0 und d aIT-RoPAU c160 P." aita aGiacomo Alberione aDaily Meditations.  aBoston  aDaughters of St. Paul c1983  c18,5 cm v13 a"1° Vol The great truths